00622nam a22002297a 4500003000500000005001700005008004100022010001100063011001100074020001500085035001100100040000900111082002000120100002300140245008200163260003600245300001600281650002500297650002200322650002400344650002400368CHAP20220329143709.0110210s1994 us r 00010 eng d a100484 a101456 a0316474088 a112144 cCHAP04a615.320913bJ851 aJoyce, Christopher10aEarthly goods :bmedicine - hunting in the rainforestc/por Christopher Joyce aBoston :bLittle, Brown,cc1994 axvi, 304 p.14aBotánica médica.14aMateria médica.14aPlantas tropicales.14aSelvasxTrópicos.